| 000 | 00672cam a2200193 4500500 | ||
|---|---|---|---|
| 005 | 20260111080304.0 | ||
| 041 | _afre | ||
| 042 | _adc | ||
| 100 | 1 | 0 |
_aProst, Jeanne-Marie _eauthor |
| 245 | 0 | 0 | _aLutter contre la fraude sociale : nouveaux enjeux |
| 260 | _c2019. | ||
| 500 | _a86 | ||
| 690 | _adélégation nationale à la lutte contre la fraude (DNLF) | ||
| 690 | _afinances sociales | ||
| 690 | _alutte contre la fraude | ||
| 690 | _aURSSAF | ||
| 786 | 0 | _nGestion & Finances Publiques | 1 | 1 | 2019-01-01 | p. 44-46 | 1969-1009 | |
| 856 | 4 | 1 | _uhttps://droit.cairn.info/revue-gestion-et-finances-publiques-2019-1-page-44?lang=fr&redirect-ssocas=7080 |
| 999 |
_c1616123 _d1616123 |
||